[Event "Landesliga Sued 1920"]
[Site "Bayern"]
[Date "2020.02.09"]
[Round "6.7"]
[White "Benischek, Wolfgang"]
[Black "Kempter, Ronald"]
[Result "0-1"]
[WhiteElo "1955"]
[BlackElo "2182"]
[PlyCount "104"]
[EventDate "2019.09.29"]
[EventType "team-tourn"]
[EventRounds "9"]
[EventCountry "GER"]
[SourceTitle "EXT 2021"]
[Source "ChessBase"]
[SourceDate "2020.10.23"]
[SourceVersion "1"]
[SourceVersionDate "2020.10.23"]
[SourceQuality "1"]
[WhiteTeam "Freising"]
[BlackTeam "Groebenzell"]
[WhiteTeamCountry "GER"]
[BlackTeamCountry "GER"]

1. e4 e5 2. Nf3 Nc6 3. Bb5 a6 4. Ba4 Nf6 5. 0-0 Be7 6. Re1 b5 7. Bb3 0-0 8. c3 d5 9. exd5 Nxd5 10. Nxe5 Nxe5 11. Rxe5 c6 12. g3 Bd6 13. Re1 Qd7 14. d4 Qh3 15. Bxd5 cxd5 16. Qf3 Bf5 17. Qg2 Qh5 18. Qxd5 Rad8 19. Qg2 Bh3 20. Qc6 Rc8 21. Qb7 Bg4 22. Qg2 Bh3 23. Qh1 Bg4 24. Qg2 Bh3 25. Qb7 Rb8 26. Qc6 Rbc8 27. Qh1 Bg4 28. h3 Bxh3 29. Be3 Qg4 30. Nd2 Bxg3 31. Qf3 Bb8+ 32. Qxg4 Bxg4 33. f3 Be6 34. Kf2 Bd5 35. a4 f5 36. Bg5 h6 37. Be7 Rfe8 38. Bc5 g5 39. axb5 axb5 40. Rh1 Kh7 41. Ra6 Rc6 42. Rxc6 Bxc6 43. Rd1 g4 44. b3 g3+ 45. Kg1 Bf4 46. Nf1 Bxf3 47. Ra1 Re2 48. Nxg3 Bxg3 49. c4 Rh2 50. Ra7+ Kg6 51. Ra6+ Kh5 52. Rxh6+ Kxh6 0-1

[Event "Arber op 7th"]
[Site "Bodenmais"]
[Date "2018.08.01"]
[Round "5"]
[White "Benischek, Wolfgang"]
[Black "Khamenya, Vitalia"]
[Result "1/2-1/2"]
[WhiteElo "2122"]
[BlackElo "1770"]
[PlyCount "39"]
[EventDate "2018.07.28"]
[EventType "swiss"]
[EventRounds "9"]
[EventCountry "GER"]
[SourceTitle "CBM 185 Extra"]
[Source "ChessBase"]
[SourceDate "2018.07.29"]
[SourceVersion "1"]
[SourceVersionDate "2018.07.29"]
[SourceQuality "1"]

1. Nf3 Nf6 2. c4 e6 3. d4 d5 4. Nc3 Be7 5. Bf4 0-0 6. e3 b6 7. Rc1 c5 8. cxd5 exd5 9. Ne5 Bb7 10. Be2 Nbd7 11. 0-0 Nxe5 12. Bxe5 Ne4 13. Nxe4 dxe4 14. Qa4 f6 15. Bg3 cxd4 16. Bc7 Qe8 17. Qxd4 Bc5 18. Qc4+ Kh8 19. b4 Rc8 20. Qb3 1/2-1/2

[Event "Landesliga Sued 1213"]
[Site "Bayern"]
[Date "2013.02.24"]
[Round "7.6"]
[White "Sargin, Anatol"]
[Black "Benischek, Wolfgang"]
[Result "1-0"]
[WhiteElo "2126"]
[BlackElo "1986"]
[PlyCount "43"]
[EventDate "2012.10.14"]
[EventType "team-tourn"]
[EventRounds "9"]
[EventCountry "GER"]
[SourceTitle "EXT 2015"]
[Source "ChessBase"]
[SourceDate "2014.11.20"]
[SourceVersion "1"]
[SourceVersionDate "2014.11.20"]
[SourceQuality "1"]
[WhiteTeam "Unterhaching"]
[BlackTeam "Freising"]
[WhiteTeamCountry "GER"]
[BlackTeamCountry "GER"]

1. e4 d6 2. d4 Nf6 3. Nc3 g6 4. f4 Bg7 5. Nf3 0-0 6. e5 Nfd7 7. h4 c5 8. h5 cxd4 9. hxg6 hxg6 10. Qxd4 Nc6 11. Qf2 e6 12. exd6 Re8 13. Bd2 Nf6 14. 0-0-0 Qxd6 15. Qh4 a6 16. f5 exf5 17. Bg5 Qe6 18. Bc4 Qe7 19. Nd5 Nxd5 20. Rxd5 Qb4 21. Bf6 Qxc4 22. Qh8+ 1-0

[Event "Landesliga Sued 1213"]
[Site "Bayern"]
[Date "2012.11.11"]
[Round "2.7"]
[White "Lochte, Thomas"]
[Black "Benischek, Wolfgang"]
[Result "1-0"]
[WhiteElo "2095"]
[BlackElo "1986"]
[PlyCount "69"]
[EventDate "2012.10.14"]
[EventType "team-tourn"]
[EventRounds "9"]
[EventCountry "GER"]
[SourceTitle "EXT 2015"]
[Source "ChessBase"]
[SourceDate "2014.11.20"]
[SourceVersion "1"]
[SourceVersionDate "2014.11.20"]
[SourceQuality "1"]
[WhiteTeam "Weilheim"]
[BlackTeam "Freising"]
[WhiteTeamCountry "GER"]
[BlackTeamCountry "GER"]

1. e4 d6 2. d4 Nf6 3. Nc3 g6 4. Be2 Bg7 5. g4 h5 6. g5 Nfd7 7. f4 c5 8. d5 Na6 9. Nf3 b5 10. Nxb5 0-0 11. 0-0 Nc7 12. Nxc7 Qxc7 13. c4 Rb8 14. Qc2 Re8 15. f5 Ne5 16. Nh4 Ba6 17. Rb1 Kh7 18. b3 Rg8 19. Qd1 Bxc4 20. fxg6+ fxg6 21. Bxh5 Rh8 22. bxc4 Rxb1 23. Bxg6+ Kg8 24. Qg4 Rxh4 25. Qxh4 Nxg6 26. Qh5 Rxc1 27. Rxc1 Nf4 28. Qe8+ Kh7 29. Rf1 Qa5 30. Rxf4 Qe1+ 31. Kg2 Qe2+ 32. Kh3 Qd3+ 33. Kh4 Qxc4 34. Qxe7 Qe2 35. g6+ 1-0

[Event "Landesliga Sued 1112"]
[Site "Bayern"]
[Date "2011.11.20"]
[Round "3.8"]
[White "Klein, Stefan1111"]
[Black "Benischek, Wolfgang"]
[Result "1/2-1/2"]
[WhiteElo "1993"]
[BlackElo "2016"]
[PlyCount "30"]
[EventDate "2011.10.02"]
[EventType "team-tourn"]
[EventRounds "9"]
[EventCountry "GER"]
[SourceTitle "EXT 2013"]
[Source "ChessBase"]
[SourceDate "2012.11.22"]
[SourceVersion "1"]
[SourceVersionDate "2012.11.22"]
[SourceQuality "1"]
[WhiteTeam "Sendling"]
[BlackTeam "Freising"]
[WhiteTeamCountry "GER"]
[BlackTeamCountry "GER"]

1. e4 g6 2. d4 Bg7 3. Nc3 c5 4. Nf3 cxd4 5. Nxd4 Nc6 6. Be3 Nf6 7. Nb3 0-0 8. Be2 d6 9. 0-0 Bd7 10. f3 Qc8 11. Qd2 Rd8 12. Bg5 Be6 13. Nd5 Bxd5 14. exd5 Ne5 15. c3 Nc4 1/2-1/2

[Event "Landesliga Sued 1011"]
[Site "Bayern"]
[Date "2010.10.24"]
[Round "2.8"]
[White "Tafertshofer, Matthias"]
[Black "Benischek, Wolfgang"]
[Result "0-1"]
[WhiteElo "1840"]
[BlackElo "2004"]
[PlyCount "76"]
[EventDate "2010.10.10"]
[EventType "team-tourn"]
[EventRounds "9"]
[EventCountry "GER"]
[SourceTitle "EXT 2012"]
[Source "ChessBase"]
[SourceDate "2011.11.24"]
[SourceVersion "1"]
[SourceVersionDate "2011.11.24"]
[SourceQuality "1"]
[WhiteTeam "Weilheim"]
[BlackTeam "Freising"]
[WhiteTeamCountry "GER"]
[BlackTeamCountry "GER"]

1. d4 Nf6 2. c4 c5 3. d5 b5 4. Qc2 b4 5. e4 d6 6. h3 g6 7. Nf3 Bg7 8. Bd3 0-0 9. 0-0 Qc7 10. Bf4 Nh5 11. Bh2 Na6 12. Nbd2 b3 13. Nxb3 Nb4 14. Qd2 Nxd3 15. Qxd3 Bxb2 16. Rab1 Bg7 17. Rfe1 Bh6 18. Qe2 Nf4 19. Bxf4 Bxf4 20. e5 Bh6 21. exd6 exd6 22. Qe7 Bd7 23. Nfd2 Rae8 24. Qh4 Bg7 25. Ne4 Bf5 26. Rbd1 Bxe4 27. Rxe4 Rxe4 28. Qxe4 Qb8 29. Re1 Qb4 30. Kf1 Bc3 31. Re3 Be5 32. f4 f5 33. Qd3 Bxf4 34. Re7 a5 35. Ke2 a4 36. Nd2 Bxd2 37. Qxd2 Qxc4+ 38. Kd1 Rb8 0-1

[Event "Regionalliga SO 0809"]
[Site "Bayern"]
[Date "2008.10.05"]
[Round "1.6"]
[White "Schneider, Richard1111"]
[Black "Benischek, Wolfgang"]
[Result "1/2-1/2"]
[WhiteElo "2100"]
[BlackElo "1953"]
[PlyCount "32"]
[EventDate "2008.10.05"]
[EventType "team-tourn"]
[EventRounds "9"]
[EventCountry "GER"]
[SourceTitle "EXT 2020"]
[Source "ChessBase"]
[SourceDate "2019.10.17"]
[SourceVersion "1"]
[SourceVersionDate "2019.10.17"]
[SourceQuality "1"]
[WhiteTeam "Graefelfing"]
[BlackTeam "Freising"]
[WhiteTeamCountry "GER"]
[BlackTeamCountry "GER"]

1. d4 Nf6 2. c4 g6 3. Nc3 Bg7 4. e4 d6 5. f3 0-0 6. Bg5 Nbd7 7. Nh3 c5 8. d5 a6 9. Qd2 Qa5 10. Nf2 Ne5 11. Be2 h5 12. 0-0 Kh7 13. Rae1 Bd7 14. h3 b5 15. cxb5 Bxb5 16. Nxb5 axb5 1/2-1/2

[Event "Landesliga Sued 0708"]
[Site "Bayern"]
[Date "2008.01.20"]
[Round "5.8"]
[White "Kraenzle, Harald"]
[Black "Benischek, Wolfgang"]
[Result "1/2-1/2"]
[WhiteElo "2159"]
[BlackElo "1953"]
[PlyCount "99"]
[EventDate "2007.10.21"]
[EventType "team-tourn"]
[EventRounds "9"]
[EventCountry "GER"]
[SourceTitle "EXT 2009"]
[Source "ChessBase"]
[SourceDate "2008.11.26"]
[SourceVersion "1"]
[SourceVersionDate "2008.11.26"]
[SourceQuality "1"]
[WhiteTeam "Garching"]
[BlackTeam "Freising"]
[WhiteTeamCountry "GER"]
[BlackTeamCountry "GER"]

1. e4 g6 2. d4 Bg7 3. Bc4 c5 4. c3 Qc7 5. Nf3 cxd4 6. Qb3 e6 7. 0-0 Nc6 8. Bb5 Nge7 9. Bg5 f6 10. Bh4 a6 11. Bxc6 Nxc6 12. cxd4 0-0 13. Nc3 b5 14. Bg3 Qa7 15. Rfd1 Na5 16. Qb4 Nc6 17. Qd6 Rf7 18. Rac1 Bf8 19. Qf4 g5 20. Qd2 Bb7 21. e5 g4 22. Nh4 f5 23. d5 Nb4 24. dxe6 dxe6 25. Ne2 Nd5 26. Bf4 Bc5 27. Rf1 Bb4 28. Qd3 Be7 29. Qg3 Kh8 30. Rfd1 Rg8 31. Rd4 Qa8 32. Bh6 Qd8 33. Nxf5 Rxf5 34. Nf4 Qb6 35. Nxd5 Qxd4 36. Nxe7 Rd8 37. h3 Rf7 38. Qh4 gxh3 39. Qg5 Re8 40. Rc7 Qe4 41. Ng6+ Qxg6 42. Qxg6 hxg6 43. Rxf7 Bxg2 44. Ra7 Rd8 45. Rxa6 Rd1+ 46. Kh2 Bd5 47. Ra7 Rh1+ 48. Kg3 g5 49. Bg7+ Kg8 50. Bf6 1/2-1/2

[Event "Landesliga Sued 0405"]
[Site "Bayern"]
[Date "2005.04.10"]
[Round "9.6"]
[White "Benischek, Wolfgang"]
[Black "Gergen, Harald"]
[Result "0-1"]
[WhiteElo "2042"]
[BlackElo "2013"]
[PlyCount "80"]
[EventDate "2004.10.24"]
[EventType "team-tourn"]
[EventRounds "9"]
[EventCountry "GER"]
[SourceTitle "EXT 2007"]
[Source "ChessBase"]
[SourceDate "2006.11.23"]
[SourceVersion "1"]
[SourceVersionDate "2006.11.23"]
[SourceQuality "1"]
[WhiteTeam "Freising"]
[BlackTeam "Kriegshaber SK"]
[WhiteTeamCountry "GER"]
[BlackTeamCountry "GER"]

1. e4 c5 2. Nf3 e6 3. d4 cxd4 4. Nxd4 Nf6 5. Nc3 Nc6 6. Nxc6 bxc6 7. e5 Nd5 8. Ne4 Qc7 9. f4 Qb6 10. Bd3 Be7 11. Qe2 f5 12. exf6 Nxf6 13. c3 Rb8 14. b4 Nxe4 15. Qxe4 Bf6 16. Bd2 Ba6 17. Rc1 Bxd3 18. Qxd3 a5 19. Be3 Qb5 20. Qxb5 cxb5 21. bxa5 Ra8 22. Bb6 d5 23. a4 bxa4 24. c4 a3 25. Rc2 dxc4 26. Ke2 0-0 27. Bc5 Rxa5 28. Bxf8 Kxf8 29. Ra2 Bb2 30. Kd2 Rd5+ 31. Kc2 c3 32. Rd1 Rxd1 33. Kxd1 h5 34. Kc2 Kf7 35. h3 h4 36. Kb3 Kf6 37. Rxa3 Bxa3 38. Kxa3 Kf5 39. Kb3 Kxf4 40. Kxc3 Kg3 0-1

[Event "Landesliga Sued 0405"]
[Site "Bayern"]
[Date "2004.12.12"]
[Round "4.5"]
[White "Benischek, Wolfgang"]
[Black "Ager, Josef"]
[Result "0-1"]
[WhiteElo "2042"]
[BlackElo "2202"]
[PlyCount "106"]
[EventDate "2004.10.24"]
[EventType "team-tourn"]
[EventRounds "9"]
[EventCountry "GER"]
[SourceTitle "EXT 2007"]
[Source "ChessBase"]
[SourceDate "2006.11.23"]
[SourceVersion "1"]
[SourceVersionDate "2006.11.23"]
[SourceQuality "1"]
[WhiteTeam "Freising"]
[BlackTeam "Pfarrkirchen SC"]
[WhiteTeamCountry "GER"]
[BlackTeamCountry "GER"]

1. e4 Nf6 2. e5 Nd5 3. d4 d6 4. Nf3 dxe5 5. Nxe5 g6 6. Bc4 c6 7. Qf3 Be6 8. 0-0 Bg7 9. Bb3 0-0 10. c4 Nc7 11. Rd1 Qc8 12. Qg3 Nd7 13. Bf4 Nf6 14. Nc3 Nh5 15. Qe3 Nxf4 16. Qxf4 Bf5 17. d5 Na6 18. dxc6 bxc6 19. Ba4 Qc7 20. Re1 Rac8 21. Qe3 Qb7 22. Re2 Be6 23. b3 Rfd8 24. Rae1 Qb4 25. a3 Qc5 26. h3 Qxe3 27. Rxe3 Nb8 28. Ne2 Bh6 29. Re4 c5 30. Nf3 Bf8 31. Nf4 Bf5 32. R4e2 Bd7 33. Bxd7 Nxd7 34. Nd5 e6 35. Ne3 Nb8 36. Ne5 Bg7 37. Nf1 Nc6 38. Nxc6 Rxc6 39. Rb1 Ra6 40. Ra2 Rd3 41. Ne3 Bd4 42. Nd1 e5 43. Kf1 e4 44. Ke2 f5 45. Ne3 f4 46. Nd5 f3+ 47. Kf1 g5 48. g3 Rh6 49. b4 Rxh3 50. Kg1 Rxg3+ 51. Kh1 Rh3+ 52. Kg1 e3 53. bxc5 e2 0-1

[Event "Regionalliga SO 0304"]
[Site "Bayern"]
[Date "2004.01.18"]
[Round "5.2"]
[White "Gesing, Oliver"]
[Black "Benischek, Wolfgang"]
[Result "0-1"]
[WhiteElo "2177"]
[BlackElo "2048"]
[PlyCount "80"]
[EventDate "2003.10.??"]
[EventType "team"]
[EventRounds "9"]
[EventCountry "GER"]
[SourceTitle "EXT 2006"]
[Source "ChessBase"]
[SourceDate "2005.11.24"]
[SourceVersion "1"]
[SourceVersionDate "2005.11.24"]
[SourceQuality "1"]
[WhiteTeam "Graefelfing"]
[BlackTeam "Freising"]
[WhiteTeamCountry "GER"]
[BlackTeamCountry "GER"]

1. e4 d6 2. d4 Nf6 3. Nc3 g6 4. f4 Bg7 5. Nf3 0-0 6. Bd3 Bg4 7. e5 Nfd7 8. Be4 c6 9. 0-0 d5 10. Bd3 e6 11. Be3 c5 12. dxc5 Nc6 13. Nb5 f6 14. exf6 Nxf6 15. Qe1 Bxf3 16. Rxf3 Ng4 17. Bd2 e5 18. Rg3 Qh4 19. h3 Nh6 20. Nc7 e4 21. Nxa8 Rxa8 22. Bf1 Nf5 23. Rb3 Bd4+ 24. Kh1 Bf2 25. Qd1 e3 26. g4 Ng3+ 27. Kg2 Ne4 28. Rxe3 Bxe3 29. Be1 Qd8 30. c4 d4 31. Qf3 Qe7 32. Bd3 Re8 33. b4 Nf6 34. b5 Nb8 35. Bh4 Nbd7 36. c6 bxc6 37. Qxc6 Rf8 38. c5 Nxc5 39. Bc4+ Kg7 40. Bd5 Nd3 0-1

[Event "Regionalliga SO 0102"]
[Site "Bayern"]
[Date "2002.02.03"]
[Round "5.5"]
[White "Lettl, Gerhard"]
[Black "Benischek, Wolfgang"]
[Result "1/2-1/2"]
[WhiteElo "1975"]
[BlackElo "2070"]
[PlyCount "80"]
[EventDate "2001.10.07"]
[EventType "team"]
[EventRounds "9"]
[EventCountry "GER"]
[SourceTitle "EXT 2003"]
[Source "ChessBase"]
[SourceDate "2002.11.25"]
[SourceVersion "1"]
[SourceVersionDate "2002.11.25"]
[SourceQuality "1"]
[WhiteTeam "Deggendorf"]
[BlackTeam "Freising"]
[WhiteTeamCountry "GER"]
[BlackTeamCountry "GER"]

1. e4 d6 2. d4 Nf6 3. Nc3 g6 4. f4 Bg7 5. e5 Nfd7 6. Nf3 0-0 7. Bc4 c5 8. e6 Nb6 9. exf7+ Kh8 10. Bd3 cxd4 11. Ne4 Rxf7 12. Nfg5 Rf5 13. Ng3 Rxg5 14. fxg5 Nc6 15. 0-0 Ne5 16. Be2 Bd7 17. Rf4 Nc6 18. Rh4 Rc8 19. Bd3 Ne5 20. Be2 Qc7 21. Rxd4 Qxc2 22. Qxc2 Rxc2 23. Rd2 Rc8 24. Rb1 Nec4 25. Rd1 Be5 26. b3 Na5 27. Bb2 Bxb2 28. Rxb2 d5 29. Bf3 e5 30. Rbd2 Be6 31. Bxd5 Nxd5 32. Rxd5 Bxd5 33. Rxd5 Rc1+ 34. Nf1 Nc6 35. Rd7 e4 36. Kf2 Rc2+ 37. Rd2 Rc5 38. Ke3 Rxg5 39. Kxe4 Re5+ 40. Kf3 Rf5+ 1/2-1/2